شعر يا ت ا نيس (Record no. 186988)

MARC details
000 -LEADER
fixed length control field 00588nam a22001937a 4500
005 - DATE AND TIME OF LATEST TRANSACTION
control field 20220324173843.0
010 ## - LCCN (DPL NO)
LC control number UR-11491
020 ## - INTERNATIONAL STANDARD BOOK NUMBER
Terms of availability 870.00
International Standard Book Number -
035 ## - SYSTEM CONTROL NUMBER
System control number U-10046
037 ## - SOURCE OF ACQUISITION
Source of stock number/acquisition DBAD/PUB
Stock number -
082 ## - DEWEY DECIMAL CLASSIFICATION NUMBER
Classification number 841.92
Edition number -
100 ## - MAIN ENTRY--PERSONAL NAME
Personal name سيد جعفر ر ضا
245 ## - TITLE STATEMENT
Title شعر يا ت ا نيس
Statement of responsibility, etc سيد جعفر ر ضا
246 ## - VARYING FORM OF TITLE
Remainder of title Sheriat -e-Anis (Urdu)
Title proper/short title by Jafar Raza
260 ## - PUBLICATION, DISTRIBUTION, ETC. (IMPRINT)
Place of publication, distribution, etc New Delhi
Name of publisher, distributor, etc Shabistan
Date of publication, distribution, etc 2019 ء
270 ## - ADDRESS
Address 786,Shah Ganj,Alahabad
City N.Delhi
Postal code 211003
Telephone number -
Fax number -
300 ## - PHYSICAL DESCRIPTION
Extent 599 ص
Dimensions 22 Cm(Hb)
942 ## - ADDED ENTRY ELEMENTS (KOHA)
Source of classification or shelving scheme Dewey Decimal Classification
Item type Urdu Bks
Classification part 841.92
Call number suffix س ی د
Holdings
Withdrawn status Lost status Not for loan Collection code Home library Current library Date acquired Source of acquisition Cost, normal purchase price Full call number Barcode Copy number Cost, replacement price Koha item type
    Not For Loan Non-fiction D.B.Act.Division Central Library 24/03/2022 DBAD/PUB 870.00 841.92 س ی د U-10046 1 870.00 Urdu Bks

© Delhi Public Library
Hit Counter
free hit counter